مكتبة جامعة عجلون الوطنية

فهرس بحث المكتبة

فتاوى الحج والعمرة (Record no. 22379)

MARC details
000 -LEADER
fixed length control field 00893nam a2200217Ii 4500
003 - CONTROL NUMBER IDENTIFIER
control field JO-AjNU
008 - FIXED-LENGTH DATA ELEMENTS--GENERAL INFORMATION
fixed length control field 230605s9999||||xx |||||||||||||| ||und||
040 ## - CATALOGING SOURCE
Original cataloging agency JO-AjNU
Language of cataloging ara
Description conventions rda
Transcribing agency JO-AjNU
041 ## - LANGUAGE CODE
Language code of text/sound track or separate title ara
050 14 - LIBRARY OF CONGRESS CALL NUMBER
Classification number BP184.72.F37 2011
100 3# - MAIN ENTRY--PERSONAL NAME
Personal name هيئة الفتوى ولجنة الامور العامة فيها المكونة من كبار العلماء/الكويت,
Relator term author
9 (RLIN) 43711
245 00 - TITLE STATEMENT
Title فتاوى الحج والعمرة
250 ## - EDITION STATEMENT
Edition statement ط3
264 31 - PRODUCTION, PUBLICATION, DISTRIBUTION, MANUFACTURE, AND COPYRIGHT NOTICE
Place of production, publication, distribution, manufacture الكويت: وزارة الاوقاف والشؤون الاسلامية، 2011
300 ## - PHYSICAL DESCRIPTION
Extent 158ص
336 ## - CONTENT TYPE
Content type term text
Content type code txt
Source rdacontent
337 ## - MEDIA TYPE
Media type term unmediated
Media type code n
Source rdamedia
338 ## - CARRIER TYPE
Carrier type term volume
Carrier type code nc
Source rdacarrier
490 0# - SERIES STATEMENT
Series statement المختارات الموضوعية من الفتاوى الشرعية1
650 #4 - SUBJECT ADDED ENTRY--TOPICAL TERM
Topical term or geographic name entry element الفتاوى الشرعية- الحج- العمرة- الفقه الاسلامي
9 (RLIN) 43712
Holdings
Withdrawn status Lost status Source of classification or shelving scheme Damaged status Not for loan Home library Current library Shelving location Date acquired Total Checkouts Full call number Barcode Date last seen Price effective from Koha item type
    Library of Congress Classification     مكتبة جامعة عجلون الوطنية مكتبة جامعة عجلون الوطنية المجموعات العامة 06/06/2023   BP184.72.F37 2011 A18811 06/06/2023 06/06/2023 Books